[Event "2BLS 2223 SC Eppingen - SV 1920 Hofheim"]
[Site "?"]
[Date "2023.03.19"]
[Round "10.4"]
[White "Guliyev, Namig"]
[Black "Gurevich, Vladimir"]
[Result "1-0"]
[WhiteElo "2528"]
[BlackElo "2449"]
[PlyCount "171"]
[EventDate "2023.??.??"]

1. e4 c5 2. Nf3 e6 3. d4 cxd4 4. Nxd4 Nc6 5. Nb5 d6 6. c4 Nf6 7. N1c3 a6 8. Nd4 Bd7 9. Be3 Be7 10. Be2 Rc8 11. Nxc6 Bxc6 12. f3 O-O 13. O-O Qc7 14. Qb3 Rfe8 15. Rac1 Qb8 16. Rfd1 h6 17. Na4 Nd7 18. Nb6 Nxb6 19. Bxb6 Bf6 20. Rc2 Be5 21. g3 Bf6 22. Rcd2 Be7 23. a4 h5 24. a5 h4 25. Kf2 Rf8 26. Qe3 e5 27. g4 Be8 28. b4 Ba4 29. Rg1 Bd7 30. b5 Be6 31. bxa6 bxa6 32. c5 dxc5 33. Bxa6 Rc6 34. Rc1 Rxb6 35. axb6 Qxb6 36. Bc4 Bxc4 37. Rxc4 Ra8 38. Kg2 Qb1 39. Rdc2 Rd8 40. Rc1 Qb7 41. R4c2 Qb6 42. Rd2 Ra8 43. f4 exf4 44. Qxf4 Qb3 45. Rf1 h3+ 46. Kh1 Qe6 47. Rd3 Re8 48. e5 Qc6+ 49. Qf3 Qe6 50. Qxh3 Qxe5 51. Re3 Qd5+ 52. Qg2 Qxg2+ 53. Kxg2 g5 54. Rfe1 Kf8 55. R1e2 f6 56. Re4 Kf7 57. h3 Kf8 58. R2e3 Kf7 59. Kf3 Kf8 60. Re6 Kf7 61. Re2 Kf8 62. Re1 Kf7 63. R1e2 Kf8 64. Ke4 Bd6 65. Kf5 Be5 66. Rxe8+ Kxe8 67. Ke6 Bd4 68. Ra2 Kd8 69. Ra7 Kc8 70. Kd6 Be3 71. Re7 Bd4 72. Rf7 Kb8 73. Kc6 Ka8 74. Rd7 Kb8 75. Kb6 Kc8 76. Rd6 Be5 77. Rc6+ Kd7 78. Kxc5 Ke7 79. Kd5 Kf7 80. Ra6 Bc3 81. Ra7+ Kg6 82. Ke6 Bd4 83. Ra8 Kg7 84. Kf5 Kf7 85. Ra6 Be5 86. Ra7+ 1-0

[Event "2BLS 2223 SC Eppingen - SV 1920 Hofheim"]
[Site "?"]
[Date "2023.03.19"]
[Round "10.5"]
[White "Womacka, Mathias"]
[Black "Juhasz, Armin"]
[Result "1/2-1/2"]
[WhiteElo "2403"]
[BlackElo "2386"]
[PlyCount "78"]
[EventDate "2023.??.??"]

1. e4 c6 2. d4 d5 3. Nd2 dxe4 4. Nxe4 Bf5 5. Ng3 Bg6 6. h4 h6 7. Nf3 Nd7 8. h5 Bh7 9. Bd3 Bxd3 10. Qxd3 e6 11. Bd2 Ngf6 12. O-O-O Be7 13. Kb1 O-O 14. Ne4 c5 15. g4 Nxg4 16. Qe2 Qb6 17. Ne5 Ndxe5 18. dxe5 f5 19. exf6 Nxf6 20. Rhg1 Nxe4 21. Qxe4 Bf6 22. b3 c4 23. Bxh6 cxb3 24. cxb3 Qxf2 25. Rg2 Qf5 26. Qxf5 exf5 27. Bxg7 Bxg7 28. h6 Rf7 29. Rdg1 Raf8 30. Rxg7+ Kh8 31. Kc2 f4 32. Kd3 f3 33. Rxf7 Rxf7 34. Ke3 Kh7 35. Rf1 Kxh6 36. Rxf3 Kg6 37. Rxf7 Kxf7 38. Kd4 Ke6 39. Kc5 Kd7 1/2-1/2

[Event "2BLS 2223 SC Eppingen - SV 1920 Hofheim"]
[Site "?"]
[Date "2023.03.19"]
[Round "10.6"]
[White "Gibicar, Danijel"]
[Black "Zude, Arno"]
[Result "1/2-1/2"]
[WhiteElo "2287"]
[BlackElo "2351"]
[PlyCount "63"]
[EventDate "2023.??.??"]

1. e4 e5 2. Nf3 Nc6 3. Bb5 a6 4. Ba4 d6 5. Bxc6+ bxc6 6. d4 exd4 7. Nxd4 c5 8. Nb3 Nf6 9. O-O Be7 10. Na5 Bd7 11. Nc3 O-O 12. Bf4 Rb8 13. b3 Ng4 14. Qd3 Bf6 15. Rad1 Re8 16. Nd5 Be5 17. Bxe5 Nxe5 18. Qc3 Nc6 19. Nxc6 Bxc6 20. Rfe1 Qd7 21. h3 Bxd5 22. Rxd5 Rb4 23. f3 Qe6 24. Red1 f6 25. a3 Rbb8 26. Kh1 Qf7 27. Qc4 h6 28. a4 a5 29. Qa6 Ra8 30. Qb5 Reb8 31. Qd3 Rb4 32. Qc3 1/2-1/2

[Event "2BLS 2223 SC Eppingen - SV 1920 Hofheim"]
[Site "?"]
[Date "2023.03.19"]
[Round "10.7"]
[White "Weber, Ulrich"]
[Black "Cofmann, Veaceslav"]
[Result "1/2-1/2"]
[WhiteElo "2352"]
[BlackElo "2306"]
[PlyCount "51"]
[EventDate "2023.??.??"]

1. Nf3 d5 2. g3 Bg4 3. Bg2 Nd7 4. d3 e5 5. Nbd2 Ngf6 6. h3 Be6 7. e4 h6 8. exd5 Bxd5 9. O-O Bd6 10. Re1 O-O 11. b3 Re8 12. Bb2 b5 13. c4 bxc4 14. Nxc4 Bxc4 15. dxc4 e4 16. Nd2 Nc5 17. b4 Nd3 18. Bxf6 Qxf6 19. Nxe4 Rxe4 20. Qxd3 Rxe1+ 21. Rxe1 Bxb4 22. Bxa8 Bxe1 23. Qf3 Qxf3 24. Bxf3 Bb4 25. Bd5 Kf8 26. Kf1 1/2-1/2

[Event "2BLS 2223 SC Eppingen - SV 1920 Hofheim"]
[Site "?"]
[Date "2023.03.19"]
[Round "10.8"]
[White "Hamid, Emran"]
[Black "Kushka, Alena"]
[Result "0-1"]
[WhiteElo "2164"]
[BlackElo "2160"]
[PlyCount "106"]
[EventDate "2023.??.??"]

1. e4 c5 2. Nf3 Nc6 3. Bb5 g6 4. O-O Bg7 5. Re1 Nf6 6. e5 Ng4 7. Bxc6 dxc6 8. d3 O-O 9. Nc3 f6 10. Bf4 fxe5 11. Bg3 e4 12. Nxe4 Bxb2 13. Rb1 Bd4 14. c3 Bf6 15. Nxc5 Qd5 16. Qb3 Qxb3 17. Rxb3 b6 18. Ne4 Bf5 19. d4 Rfd8 20. h3 Nh6 21. a4 Rac8 22. Bf4 Nf7 23. g4 Bd7 24. a5 b5 25. Kh2 h6 26. Rb2 g5 27. Bg3 Bg7 28. Nc5 Bf8 29. Ne5 Nxe5 30. Rxe5 Be8 31. h4 Rd5 32. Rbe2 Bf7 33. hxg5 hxg5 34. Ne4 Rxe5 35. Bxe5 Bh6 36. Kg3 Bd5 37. f3 Rf8 38. Rh2 Bxe4 39. fxe4 Bg7 40. Rh5 Bxe5+ 41. dxe5 Rd8 42. Rxg5+ Kf7 43. Rf5+ Ke6 44. g5 c5 45. g6 Rg8 46. Rg5 b4 47. cxb4 cxb4 48. Kf4 b3 49. Rg1 b2 50. Kg5 Kxe5 51. Re1 Rb8 52. Rb1 Kxe4 53. g7 Kd3 0-1